| 000 | 00363pab a2200133 454500 | ||
|---|---|---|---|
| 008 | 180718b1988 xxu||||| |||| 00| 0 eng d | ||
| 100 | _aChoguill, Charles L. | ||
| 245 | _aProblems in providing low - income urban housing in Bangladesh | ||
| 260 | _c1988 | ||
| 300 | _a29-40 | ||
| 650 | _aHousing - Bangladesh | ||
| 773 | _aHabitat International | ||
| 909 | _a10132 | ||
| 999 |
_c10132 _d10132 |
||